000 00637nam a22002177a 4500
003 BJBSDDR
005 20260331062937.0
007 ta
008 250922s sp ||||| |||| 00| 0 spa d
040 _bspa
_cBJBSDDR
041 _aspa
050 _bO62t 1961
100 1 _aOppenheim, Lassa
_945013
245 1 0 _a Tratado de derecho internacional público. T. I, Paz /
_cLassa Oppenheim, Hersch Lauterpacht
250 _a8 edición
260 _aBarcelona :
_b Bosch,
_c1961
300 _a689 pages ;
_b26 cm
650 0 _aColección Celestino del Arenal (CCA)
_915749
700 1 _aLauterpacht, Hersch
_945014
942 _2lcc
_n0
_cBK
999 _c125302
_d125302